000 00512nam a2200169 a 4500
001 000048722
005 20201002061345.0
008 190410s2010 dr a r 000 spa d
020 _a9789945003147
040 _aDO-SdBNP
_bspa
_cBNPHU
082 _axxx
_bR456e
100 _aReynoso Medina, Araceli
_940539
245 1 0 _aEsclavitud y trabajo en los obrajes de Coyoacán siglo XVII.
260 _aSanto Domingo :
_bListín Diario,
_c2010.
300 _a227 p. :
_bil ;
_c22 cm.
590 _aInventariado, 2019 / DG
999 _c48210
_d48210